000 00618nam a2200217Ia 4500
003 OSt
005 20220918215845.0
006 a|||||r|||| 00| 0
007 ta
008 220917b |||||||| |||| 00| 0 eng d
024 _a143,058
037 _cTextual
040 _aARTS
_cARTS
_beng
041 _2eng
_aeng
082 _aY131:1.224, L1
245 0 _aPolitics and religion
_b A study of historical interaction between socio-political relationships in Mysore village
260 _aNA
_bNA
_c1971
650 _aSOCIOLOGY
942 _hY131:1.224, L1
_cTEXL
_2CC
999 _c266011
_d266011